00389 a2200133 4500001001000000005001700010008004100027245006900068100002200137700001700159700002100176773004100197999001700238ART_4848120260410161631.0260409a 10a¿Qué variables se analizan en las PyMES a la hora de decidir?1 aBonatti, Patricia1 aDias, Andrea1 aSantucci, Marina0 tEnfoquesg- N°1 (ene. 2019)wREV416 c12443d12443